=LDR 00000nam 2200000 4500 =001 INLIS000000000021713 =005 20130612120539 =008 ***********************************Ind** =035 ##$$0010-061300000021713 =041 ##$$a Ind =082 ##$$a 633.88 =090 ##$$a 633.88, Sub g =100 ##$$a Subroto, M. Ahkam =245 ##$$a Gempur penyakit dengan sarang semut, M. Ahkam M Subroto; Hendro Saputro =260 ##$$a 2006 $b Jakarta =300 ##$$a 66 hlm, ilus, 23 cm =650 ##$$a Tanaman Obat =850 ##$$a NBPNMAT